[Event "blitmenteam"]
[Site "?"]
[Date "2016.10.07"]
[Round "8.10"]
[White "Pridorozhni, Aleksei"]
[Black "Chigaev, Maksim"]
[Result "1-0"]
[LiveChessVersion "1.4.4"]
[BlackElo "2563"]
[WhiteElo "2611"]

1. e4 {[%clk 0:03:03]} g6 {[%clk 0:03:04]} 2. d4 {[%clk 0:03:03]} Bg7
{[%clk 0:03:05]} 3. c4 {[%clk 0:03:05]} d6 {[%clk 0:03:05]} 4. Nc3
{[%clk 0:03:06]} Nf6 {[%clk 0:03:06]} 5. f3 {[%clk 0:03:07]} O-O {[%clk 0:03:06]}
6. Be3 {[%clk 0:03:08]} b6 {[%clk 0:03:07]} 7. Qd2 {[%clk 0:03:04]} c5
{[%clk 0:03:05]} 8. d5 {[%clk 0:03:04]} e6 {[%clk 0:03:06]} 9. Nge2
{[%clk 0:02:53]} exd5 {[%clk 0:03:06]} 10. cxd5 {[%clk 0:02:53]} a6
{[%clk 0:03:07]} 11. a4 {[%clk 0:02:53]} Nbd7 {[%clk 0:03:00]} 12. Nf4
{[%clk 0:02:41]} Rb8 {[%clk 0:02:51]} 13. Be2 {[%clk 0:02:37]} Re8
{[%clk 0:02:45]} 14. O-O {[%clk 0:02:33]} Ne5 {[%clk 0:02:35]} 15. Rfe1
{[%clk 0:02:23]} g5 {[%clk 0:02:31]} 16. Nh3 {[%clk 0:02:13]} Bxh3
{[%clk 0:01:36]} 17. gxh3 {[%clk 0:02:14]} h6 {[%clk 0:01:37]} 18. h4
{[%clk 0:02:08]} gxh4 {[%clk 0:01:32]} 19. Kh1 {[%clk 0:02:03]} b5
{[%clk 0:01:26]} 20. axb5 {[%clk 0:02:01]} axb5 {[%clk 0:01:27]} 21. Bxh6
{[%clk 0:01:49]} b4 {[%clk 0:01:06]} 22. Nd1 {[%clk 0:01:30]} Ng6
{[%clk 0:01:01]} 23. Bxg7 {[%clk 0:01:29]} Kxg7 {[%clk 0:01:02]} 24. Ne3
{[%clk 0:01:28]} Kh8 {[%clk 0:00:12]} 25. Nf5 {[%clk 0:01:27]} Ng8
{[%clk 0:00:13]} 26. Ra6 {[%clk 0:01:14]} Rb6 {[%clk 0:00:12]} 27. Rxb6 Qxb6 28.
Qg5 1-0

[Event "blitmenteam"]
[Site "?"]
[Date "2016.10.07"]
[Round "8.11"]
[White "Yuffa, Daniil"]
[Black "Bologan, Victor"]
[Result "0-1"]
[LiveChessVersion "1.4.4"]
[BlackElo "2601"]
[WhiteElo "2460"]

1. Nf3 {[%clk 0:03:03]} c5 {[%clk 0:03:03]} 2. g3 {[%clk 0:03:04]} Nc6
{[%clk 0:02:58]} 3. Bg2 {[%clk 0:03:06]} g6 {[%clk 0:03:00]} 4. O-O Bg7 5. c4
{[%clk 0:03:06]} e6 {[%clk 0:03:01]} 6. Nc3 {[%clk 0:03:06]} Nge7
{[%clk 0:03:02]} 7. a3 {[%clk 0:03:06]} O-O {[%clk 0:02:59]} 8. Rb1
{[%clk 0:03:07]} b6 {[%clk 0:02:53]} 9. b4 {[%clk 0:03:03]} d6 {[%clk 0:02:52]}
10. Qb3 {[%clk 0:02:38]} Rb8 {[%clk 0:02:44]} 11. d3 {[%clk 0:02:36]} Bb7
{[%clk 0:02:45]} 12. Bd2 {[%clk 0:02:16]} Nd4 {[%clk 0:02:37]} 13. Nxd4
{[%clk 0:02:17]} cxd4 {[%clk 0:02:35]} 14. Ne4 {[%clk 0:02:18]} h6
{[%clk 0:02:24]} 15. Be1 {[%clk 0:02:05]} d5 {[%clk 0:02:18]} 16. cxd5
{[%clk 0:02:03]} Nxd5 {[%clk 0:02:16]} 17. b5 {[%clk 0:01:52]} Qd7
{[%clk 0:02:14]} 18. Bb4 {[%clk 0:01:50]} Rfd8 {[%clk 0:01:53]} 19. a4
{[%clk 0:01:23]} a5 {[%clk 0:01:30]} 20. bxa6 {[%clk 0:01:23]} Bxa6
{[%clk 0:01:30]} 21. Rfc1 {[%clk 0:01:17]} Ra8 {[%clk 0:01:23]} 22. Nd6
{[%clk 0:00:58]} Rab8 {[%clk 0:01:03]} 23. Bxd5 exd5 {[%clk 0:01:04]} 24. Qxd5
{[%clk 0:00:52]} Bf8 {[%clk 0:01:02]} 25. Qxd4 {[%clk 0:00:45]} Bxd6
{[%clk 0:01:01]} 26. Bc3 {[%clk 0:00:46]} f6 {[%clk 0:00:53]} 27. Qxf6
{[%clk 0:00:45]} Kh7 {[%clk 0:00:55]} 28. Be5 {[%clk 0:00:35]} Bxe5 29. Qxe5
{[%clk 0:00:36]} Rb7 {[%clk 0:00:38]} 30. a5 {[%clk 0:00:27]} Re8
{[%clk 0:00:36]} 31. Qf4 {[%clk 0:00:25]} Rxe2 {[%clk 0:00:30]} 32. Rxb6
{[%clk 0:00:26]} g5 {[%clk 0:00:21]} 33. Rxb7 {[%clk 0:00:20]} Bxb7
{[%clk 0:00:21]} 34. Qf6 {[%clk 0:00:11]} Re7 {[%clk 0:00:17]} 35. f3
{[%clk 0:00:08]} Rf7 {[%clk 0:00:17]} 36. Qe5 {[%clk 0:00:09]} Qxd3
{[%clk 0:00:17]} 37. Rf1 {[%clk 0:00:04]} Bxf3 {[%clk 0:00:16]} 38. a6
{[%clk 0:00:04]} Qc2 {[%clk 0:00:12]} 39. Rf2 {[%clk 0:00:04]} Qb1+
{[%clk 0:00:11]} 40. Rf1 {[%clk 0:00:06]} Qb6+ {[%clk 0:00:12]} 41. Rf2
{[%clk 0:00:06]} Ba8 {[%clk 0:00:11]} 42. Qe2 {[%clk 0:00:04]} Rxf2
{[%clk 0:00:10]} 43. Qxf2 {[%clk 0:00:05]} Qxf2+ {[%clk 0:00:11]} 44. Kxf2
{[%clk 0:00:07]} Kg6 {[%clk 0:00:12]} 45. Ke3 {[%clk 0:00:08]} Kf5
{[%clk 0:00:13]} 46. h3 {[%clk 0:00:10]} Ke5 {[%clk 0:00:13]} 47. Kd3
{[%clk 0:00:11]} Bc6 {[%clk 0:00:13]} 48. Ke3 {[%clk 0:00:12]} Bd5
{[%clk 0:00:13]} 49. Kd3 {[%clk 0:00:13]} Bg2 {[%clk 0:00:14]} 50. h4
{[%clk 0:00:12]} Bf1+ {[%clk 0:00:15]} 51. Kd4+ 0-1

[Event "blitmenteam"]
[Site "?"]
[Date "2016.10.07"]
[Round "8.12"]
[White "Kryakvin, Dmitry"]
[Black "Lugovskoy, Maxim"]
[Result "0-1"]
[LiveChessVersion "1.4.4"]
[BlackElo "2427"]
[WhiteElo "2522"]

1. Nf3 {[%clk 0:03:02]} d5 {[%clk 0:03:04]} 2. d4 {[%clk 0:03:03]} Nf6
{[%clk 0:03:00]} 3. c4 {[%clk 0:03:04]} e6 {[%clk 0:03:01]} 4. Bg5
{[%clk 0:03:01]} Be7 {[%clk 0:02:58]} 5. e3 {[%clk 0:03:01]} O-O {[%clk 0:02:57]}
6. Nc3 {[%clk 0:02:58]} h6 {[%clk 0:02:58]} 7. Bh4 {[%clk 0:02:56]} Ne4
{[%clk 0:03:00]} 8. Bxe7 {[%clk 0:02:55]} Qxe7 {[%clk 0:03:01]} 9. Qc2
{[%clk 0:02:53]} Nxc3 {[%clk 0:03:00]} 10. Qxc3 {[%clk 0:02:54]} c6
{[%clk 0:02:54]} 11. Rc1 {[%clk 0:02:45]} Nd7 {[%clk 0:02:55]} 12. a3
{[%clk 0:02:42]} Re8 {[%clk 0:02:48]} 13. Be2 {[%clk 0:02:42]} dxc4
{[%clk 0:02:46]} 14. Bxc4 {[%clk 0:02:42]} e5 {[%clk 0:02:38]} 15. O-O
{[%clk 0:02:42]} e4 {[%clk 0:02:26]} 16. Nd2 {[%clk 0:02:39]} Nf6
{[%clk 0:02:28]} 17. Rfe1 {[%clk 0:02:31]} Bf5 {[%clk 0:02:22]} 18. Qa5
{[%clk 0:02:15]} Be6 {[%clk 0:02:02]} 19. b3 {[%clk 0:01:46]} Bd5
{[%clk 0:01:56]} 20. Qb4 {[%clk 0:01:32]} Qd7 {[%clk 0:01:54]} 21. a4
{[%clk 0:01:26]} Rad8 {[%clk 0:01:54]} 22. a5 {[%clk 0:01:25]} a6
{[%clk 0:01:53]} 23. h3 {[%clk 0:01:18]} Re7 {[%clk 0:01:30]} 24. Nb1
{[%clk 0:01:11]} Qe6 {[%clk 0:01:10]} 25. Nc3 {[%clk 0:01:08]} Red7
{[%clk 0:00:53]} 26. Na4 {[%clk 0:01:05]} Qf5 {[%clk 0:00:54]} 27. Nb6
{[%clk 0:01:00]} Rc7 {[%clk 0:00:37]} 28. Rc2 {[%clk 0:00:57]} Bxc4
{[%clk 0:00:35]} 29. bxc4 {[%clk 0:00:54]} Qe6 {[%clk 0:00:22]} 30. Rb1
{[%clk 0:00:51]} Re7 {[%clk 0:00:21]} 31. Rcb2 {[%clk 0:00:45]} Rb8
{[%clk 0:00:18]} 32. Qc5 {[%clk 0:00:38]} Rc7 {[%clk 0:00:15]} 33. d5
{[%clk 0:00:28]} Qe5 {[%clk 0:00:13]} 34. Qd4 {[%clk 0:00:30]} Qxd4 35. exd4
{[%clk 0:00:30]} cxd5 {[%clk 0:00:14]} 36. Nxd5 {[%clk 0:00:18]} Nxd5 37. cxd5
{[%clk 0:00:19]} Rd7 {[%clk 0:00:17]} 38. d6 {[%clk 0:00:17]} Rxd6 39. Rxb7
{[%clk 0:00:18]} Rxb7 {[%clk 0:00:18]} 40. Rxb7 {[%clk 0:00:20]} Rd5
{[%clk 0:00:16]} 41. Re7 {[%clk 0:00:11]} f5 {[%clk 0:00:17]} 42. Re5
{[%clk 0:00:10]} Rxe5 {[%clk 0:00:09]} 43. dxe5 {[%clk 0:00:12]} Kf7
{[%clk 0:00:10]} 44. f4 {[%clk 0:00:13]} exf3 {[%clk 0:00:09]} 45. gxf3
{[%clk 0:00:15]} f4 {[%clk 0:00:11]} 0-1

[Event "blitmenteam"]
[Site "?"]
[Date "2016.10.07"]
[Round "8.13"]
[White "Savchenko, Boris"]
[Black "Moskalenko, Alexander"]
[Result "1/2-1/2"]
[LiveChessVersion "1.4.4"]
[BlackElo "2573"]
[WhiteElo "2626"]

1. e4 {[%clk 0:03:03]} c5 {[%clk 0:03:04]} 2. Nf3 {[%clk 0:03:04]} d6
{[%clk 0:03:05]} 3. d4 {[%clk 0:03:05]} cxd4 {[%clk 0:03:06]} 4. Nxd4
{[%clk 0:03:06]} Nf6 {[%clk 0:03:07]} 5. Nc3 {[%clk 0:03:08]} a6 {[%clk 0:03:09]}
6. g3 {[%clk 0:03:07]} e5 {[%clk 0:03:08]} 7. Nb3 {[%clk 0:03:07]} Be7
{[%clk 0:03:07]} 8. Bg2 {[%clk 0:03:08]} Nbd7 {[%clk 0:03:02]} 9. Qe2
{[%clk 0:03:06]} b5 {[%clk 0:03:02]} 10. a4 {[%clk 0:03:01]} b4 {[%clk 0:03:03]}
11. Na2 {[%clk 0:03:02]} a5 {[%clk 0:03:04]} 12. c3 {[%clk 0:03:03]} Ba6
{[%clk 0:03:05]} 13. Qc2 {[%clk 0:03:00]} Qc7 {[%clk 0:02:37]} 14. Qd1
{[%clk 0:02:54]} Nc5 {[%clk 0:02:06]} 15. Nxc5 {[%clk 0:02:44]} dxc5
{[%clk 0:02:08]} 16. cxb4 {[%clk 0:02:25]} cxb4 {[%clk 0:01:54]} 17. Bg5
{[%clk 0:02:17]} Rd8 {[%clk 0:01:31]} 18. Qc1 {[%clk 0:02:17]} Qb6
{[%clk 0:01:28]} 19. Bxf6 {[%clk 0:01:52]} Bxf6 {[%clk 0:01:09]} 20. Bf1
{[%clk 0:01:41]} O-O {[%clk 0:00:59]} 21. Bxa6 {[%clk 0:01:42]} Qxa6 22. Qe3
{[%clk 0:01:28]} Rd4 {[%clk 0:00:47]} 23. Nc1 {[%clk 0:01:20]} Rfd8
{[%clk 0:00:32]} 24. Nb3 {[%clk 0:01:12]} Bg5 {[%clk 0:00:27]} 25. Qf3
{[%clk 0:01:09]} Bd2+ {[%clk 0:00:24]} 26. Kd1 {[%clk 0:00:52]} Rd3
{[%clk 0:00:21]} 27. Qe2 {[%clk 0:00:51]} Qc4 {[%clk 0:00:10]} 28. Nxd2
{[%clk 0:00:49]} Qd4 {[%clk 0:00:10]} 29. Ke1 {[%clk 0:00:47]} Rxd2
{[%clk 0:00:11]} 30. Qf3 {[%clk 0:00:47]} Rxb2 {[%clk 0:00:11]} 31. Kf1
{[%clk 0:00:44]} Qd3+ {[%clk 0:00:12]} 32. Kg2 {[%clk 0:00:42]} Qxf3+
{[%clk 0:00:13]} 33. Kxf3 {[%clk 0:00:43]} Rdd2 {[%clk 0:00:13]} 34. Rhf1
{[%clk 0:00:43]} h5 {[%clk 0:00:14]} 35. Rac1 Rbc2 36. Ke3 {[%clk 0:00:38]} Re2+
{[%clk 0:00:15]} 37. Kd3 {[%clk 0:00:39]} Rcd2+ {[%clk 0:00:17]} 38. Kc4
{[%clk 0:00:41]} Rxe4+ {[%clk 0:00:16]} 39. Kb5 {[%clk 0:00:41]} Rd5+
{[%clk 0:00:18]} 40. Rc5 {[%clk 0:00:40]} Rxc5+ {[%clk 0:00:18]} 41. Kxc5
{[%clk 0:00:42]} b3 {[%clk 0:00:18]} 42. Kb5 {[%clk 0:00:43]} Rb4+
{[%clk 0:00:18]} 43. Kxa5 {[%clk 0:00:44]} Rb8 {[%clk 0:00:20]} 44. Ka6
{[%clk 0:00:45]} b2 {[%clk 0:00:21]} 45. Rb1 {[%clk 0:00:47]} e4 {[%clk 0:00:22]}
46. a5 {[%clk 0:00:48]} f5 {[%clk 0:00:22]} 47. Ka7 {[%clk 0:00:49]} Rb3
{[%clk 0:00:23]} 48. a6 {[%clk 0:00:49]} Kf7 {[%clk 0:00:21]} 49. h4
{[%clk 0:00:50]} Ke6 {[%clk 0:00:22]} 50. Ka8 {[%clk 0:00:51]} Kd5
{[%clk 0:00:23]} 51. a7 {[%clk 0:00:51]} Kc4 {[%clk 0:00:25]} 52. f4
{[%clk 0:00:48]} Kc3 {[%clk 0:00:24]} 53. g4 {[%clk 0:00:48]} hxg4
{[%clk 0:00:24]} 54. h5 {[%clk 0:00:50]} Kc2 {[%clk 0:00:25]} 55. h6
{[%clk 0:00:51]} Kxb1 {[%clk 0:00:17]} 56. hxg7 {[%clk 0:00:52]} Ka2
{[%clk 0:00:18]} 57. g8=Q {[%clk 0:00:51]} b1=Q {[%clk 0:00:19]} 58. Qc4
{[%clk 0:00:50]} Qd3 {[%clk 0:00:20]} 59. Qa4+ {[%clk 0:00:49]} Kb2
{[%clk 0:00:21]} 60. Qa2+ {[%clk 0:00:50]} Kc3 {[%clk 0:00:19]} 61. Qc2+
{[%clk 0:00:51]} Kb4 {[%clk 0:00:19]} 62. Qc5+ {[%clk 0:00:52]} Kxc5
{[%clk 0:00:06]} 1/2-1/2

[Event "blitmenteam"]
[Site "?"]
[Date "2016.10.07"]
[Round "8.14"]
[White "Paravyan, David"]
[Black "Bocharov, Dmitry"]
[Result "0-1"]
[LiveChessVersion "1.4.4"]
[BlackElo "2660"]
[WhiteElo "2579"]

1. d4 {[%clk 0:03:03]} Nf6 {[%clk 0:03:03]} 2. c4 {[%clk 0:03:05]} e6
{[%clk 0:03:04]} 3. a3 {[%clk 0:03:06]} b6 {[%clk 0:02:43]} 4. Nc3
{[%clk 0:03:07]} Bb7 {[%clk 0:02:40]} 5. Qc2 {[%clk 0:03:07]} c5 {[%clk 0:02:37]}
6. dxc5 {[%clk 0:02:41]} bxc5 {[%clk 0:02:34]} 7. Nf3 {[%clk 0:02:36]} Be7
{[%clk 0:02:34]} 8. Bf4 {[%clk 0:02:36]} O-O {[%clk 0:02:32]} 9. e3
{[%clk 0:02:34]} d5 {[%clk 0:02:20]} 10. Rd1 {[%clk 0:02:33]} Nc6
{[%clk 0:02:14]} 11. cxd5 {[%clk 0:02:34]} exd5 {[%clk 0:02:14]} 12. Bb5
{[%clk 0:02:34]} d4 {[%clk 0:02:09]} 13. O-O {[%clk 0:01:47]} Qb6
{[%clk 0:01:54]} 14. Bxc6 {[%clk 0:01:47]} Bxc6 {[%clk 0:01:54]} 15. exd4
{[%clk 0:01:31]} Bxf3 {[%clk 0:01:54]} 16. gxf3 {[%clk 0:01:32]} cxd4
{[%clk 0:01:55]} 17. Na4 {[%clk 0:01:25]} Qd8 {[%clk 0:01:35]} 18. Be5
{[%clk 0:01:23]} Qd5 {[%clk 0:01:29]} 19. Bxd4 {[%clk 0:01:05]} Qxf3
{[%clk 0:01:28]} 20. Qd3 {[%clk 0:01:00]} Qh5 {[%clk 0:01:20]} 21. Qg3
{[%clk 0:00:47]} Rad8 {[%clk 0:01:19]} 22. Nc3 {[%clk 0:00:34]} Bd6
{[%clk 0:01:13]} 23. f4 {[%clk 0:00:35]} Bc5 {[%clk 0:01:05]} 24. Bxc5
{[%clk 0:00:35]} Qxc5+ {[%clk 0:01:06]} 25. Qf2 {[%clk 0:00:33]} Qc6
{[%clk 0:00:55]} 26. Qxa7 {[%clk 0:00:32]} h5 {[%clk 0:00:51]} 27. Qa4
{[%clk 0:00:16]} Qb6+ {[%clk 0:00:51]} 28. Kh1 {[%clk 0:00:12]} Qb7+
{[%clk 0:00:52]} 29. Kg1 {[%clk 0:00:12]} Qxb2 {[%clk 0:00:52]} 30. Qb4
{[%clk 0:00:11]} Qc2 {[%clk 0:00:53]} 31. Rde1 {[%clk 0:00:03]} Rb8
{[%clk 0:00:46]} 32. Qd4 {[%clk 0:00:03]} Rfd8 {[%clk 0:00:41]} 33. Qe5
{[%clk 0:00:04]} Re8 {[%clk 0:00:26]} 34. Qd4 {[%clk 0:00:04]} Ng4
{[%clk 0:00:25]} 35. Rxe8+ {[%clk 0:00:03]} Rxe8 {[%clk 0:00:26]} 36. Rf2
{[%clk 0:00:04]} Nxf2 {[%clk 0:00:25]} 37. Qd7 {[%clk 0:00:03]} Nh3+
{[%clk 0:00:24]} 0-1

[Event "blitmenteam"]
[Site "?"]
[Date "2016.10.07"]
[Round "8.15"]
[White "Evdokimov, Alexander A."]
[Black "Matinian, Nikita"]
[Result "1-0"]
[LiveChessVersion "1.4.4"]
[BlackElo "2539"]
[WhiteElo "2524"]

1. d4 {[%clk 0:03:04]} d6 {[%clk 0:03:04]} 2. Nf3 {[%clk 0:03:04]} g6
{[%clk 0:03:04]} 3. e4 {[%clk 0:03:02]} Bg7 {[%clk 0:03:05]} 4. c3
{[%clk 0:03:02]} Nf6 {[%clk 0:03:01]} 5. Bd3 {[%clk 0:03:03]} O-O
{[%clk 0:03:00]} 6. O-O {[%clk 0:03:03]} Nc6 {[%clk 0:02:58]} 7. d5
{[%clk 0:02:58]} Nb8 {[%clk 0:02:59]} 8. c4 {[%clk 0:02:55]} Bg4 {[%clk 0:02:59]}
9. h3 {[%clk 0:02:51]} Bxf3 {[%clk 0:03:00]} 10. Qxf3 {[%clk 0:02:52]} Nbd7
{[%clk 0:02:57]} 11. Nc3 {[%clk 0:02:42]} Ne5 {[%clk 0:02:58]} 12. Qe2
{[%clk 0:02:43]} c6 {[%clk 0:02:38]} 13. Be3 {[%clk 0:02:18]} a6 {[%clk 0:02:26]}
14. f4 {[%clk 0:02:07]} Nxd3 {[%clk 0:02:26]} 15. Qxd3 {[%clk 0:02:08]} cxd5
{[%clk 0:02:27]} 16. cxd5 {[%clk 0:02:08]} Nd7 {[%clk 0:02:14]} 17. Kh1
{[%clk 0:02:00]} Rc8 {[%clk 0:02:15]} 18. Rac1 {[%clk 0:01:34]} Qa5
{[%clk 0:02:16]} 19. Bd4 {[%clk 0:01:17]} Bxd4 {[%clk 0:02:04]} 20. Qxd4
{[%clk 0:01:18]} Qc5 {[%clk 0:02:05]} 21. Qd2 {[%clk 0:01:07]} Qb4
{[%clk 0:02:03]} 22. Rfe1 {[%clk 0:00:54]} Rc4 {[%clk 0:01:56]} 23. a3
{[%clk 0:00:42]} Qb3 {[%clk 0:01:17]} 24. e5 {[%clk 0:00:43]} Rfc8
{[%clk 0:01:13]} 25. e6 {[%clk 0:00:42]} fxe6 {[%clk 0:01:13]} 26. Rxe6
{[%clk 0:00:43]} Re8 {[%clk 0:00:50]} 27. Rce1 {[%clk 0:00:45]} Qb6
{[%clk 0:00:29]} 28. Rxe7 {[%clk 0:00:44]} Rxe7 29. Rxe7 {[%clk 0:00:45]} Nf6
{[%clk 0:00:28]} 30. f5 {[%clk 0:00:45]} Qd8 {[%clk 0:00:15]} 31. Qe1
{[%clk 0:00:42]} Kf8 {[%clk 0:00:05]} 32. Rxb7 {[%clk 0:00:38]} Rc7
{[%clk 0:00:04]} 33. Rxc7 Qxc7 {[%clk 0:00:05]} 34. Qe6 {[%clk 0:00:38]} Kg7
{[%clk 0:00:06]} 35. fxg6 {[%clk 0:00:37]} hxg6 {[%clk 0:00:08]} 36. Qe3
{[%clk 0:00:36]} Qc4 {[%clk 0:00:08]} 37. Qe7+ {[%clk 0:00:36]} 1-0

[Event "blitmenteam"]
[Site "?"]
[Date "2016.10.07"]
[Round "8.16"]
[White "Vastrukhin, Oleg"]
[Black "Gochelashvili, David"]
[Result "1-0"]
[LiveChessVersion "1.4.4"]
[BlackElo "2439"]
[WhiteElo "2355"]

1. Nf3 {[%clk 0:03:03]} g6 {[%clk 0:03:04]} 2. g3 {[%clk 0:03:04]} Bg7
{[%clk 0:03:05]} 3. Bg2 {[%clk 0:03:05]} d6 {[%clk 0:03:06]} 4. O-O
{[%clk 0:03:06]} e5 {[%clk 0:03:07]} 5. c4 {[%clk 0:03:07]} c6 {[%clk 0:03:06]}
6. Nc3 {[%clk 0:03:07]} Nf6 {[%clk 0:03:07]} 7. d3 {[%clk 0:03:08]} O-O
{[%clk 0:03:08]} 8. Rb1 {[%clk 0:03:09]} h6 {[%clk 0:03:03]} 9. b4
{[%clk 0:03:10]} Be6 {[%clk 0:03:01]} 10. a4 {[%clk 0:03:08]} a5 {[%clk 0:02:58]}
11. b5 {[%clk 0:03:08]} Qc7 {[%clk 0:02:52]} 12. bxc6 {[%clk 0:03:05]} bxc6
{[%clk 0:02:51]} 13. Ba3 {[%clk 0:03:04]} Na6 {[%clk 0:02:44]} 14. Nd2
{[%clk 0:03:04]} Rfb8 {[%clk 0:02:37]} 15. Nde4 {[%clk 0:02:52]} Nb4
{[%clk 0:02:05]} 16. Nxf6+ {[%clk 0:02:40]} Bxf6 {[%clk 0:02:06]} 17. Qd2
{[%clk 0:02:42]} Bg5 {[%clk 0:01:55]} 18. f4 {[%clk 0:02:41]} exf4
{[%clk 0:01:53]} 19. Ne4 {[%clk 0:02:36]} Qa7+ {[%clk 0:01:24]} 20. Kh1
{[%clk 0:02:33]} f3 {[%clk 0:01:23]} 21. Nxg5 {[%clk 0:02:19]} fxg2+
{[%clk 0:01:24]} 22. Kxg2 {[%clk 0:02:20]} hxg5 {[%clk 0:01:25]} 23. Bb2
{[%clk 0:02:21]} Qe7 {[%clk 0:00:18]} 24. Bf6 {[%clk 0:02:21]} Qf8
{[%clk 0:00:13]} 25. Qxg5 {[%clk 0:02:21]} Nc2 {[%clk 0:00:10]} 26. h4
{[%clk 0:02:20]} Rxb1 {[%clk 0:00:09]} 27. Rxb1 {[%clk 0:02:22]} Kh7
{[%clk 0:00:11]} 28. h5 {[%clk 0:02:16]} gxh5 29. Rh1 Bg4 {[%clk 0:00:05]} 30.
Rxh5+ {[%clk 0:01:49]} Bxh5 {[%clk 0:00:06]} 31. Qxh5+ {[%clk 0:01:51]} 1-0

[Event "blitmenteam"]
[Site "?"]
[Date "2016.10.07"]
[Round "8.17"]
[White "Savitskiy, Sergey"]
[Black "Kurbedinov, Ramis"]
[Result "1-0"]
[LiveChessVersion "1.4.4"]
[BlackElo "2263"]
[WhiteElo "2341"]

1. e4 {[%clk 0:03:03]} c5 {[%clk 0:03:01]} 2. Nf3 {[%clk 0:03:05]} Nc6
{[%clk 0:03:03]} 3. Bb5 {[%clk 0:03:06]} g6 {[%clk 0:03:01]} 4. O-O Bg7 5. Bxc6
{[%clk 0:03:08]} bxc6 {[%clk 0:03:03]} 6. c3 {[%clk 0:03:08]} Nf6
{[%clk 0:03:01]} 7. Re1 {[%clk 0:03:08]} O-O {[%clk 0:03:00]} 8. d4
{[%clk 0:03:03]} cxd4 {[%clk 0:02:58]} 9. cxd4 {[%clk 0:03:04]} d5
{[%clk 0:02:48]} 10. e5 {[%clk 0:03:06]} Ne4 11. Nbd2 Nxd2 {[%clk 0:02:42]} 12.
Bxd2 {[%clk 0:03:08]} Qb6 {[%clk 0:02:32]} 13. b4 {[%clk 0:03:04]} Ba6
{[%clk 0:02:27]} 14. a3 {[%clk 0:02:46]} e6 {[%clk 0:02:20]} 15. Rc1
{[%clk 0:02:44]} Rfc8 {[%clk 0:02:12]} 16. Rc5 {[%clk 0:02:24]} Bc4
{[%clk 0:02:02]} 17. h4 {[%clk 0:02:26]} Qa6 {[%clk 0:01:52]} 18. Ra5
{[%clk 0:02:25]} Qb7 {[%clk 0:01:50]} 19. h5 {[%clk 0:02:24]} Bd3
{[%clk 0:01:38]} 20. Be3 {[%clk 0:02:08]} Bc4 {[%clk 0:01:23]} 21. Qd2
{[%clk 0:01:49]} Qe7 {[%clk 0:01:05]} 22. Bg5 {[%clk 0:01:50]} Qf8
{[%clk 0:01:01]} 23. h6 {[%clk 0:01:45]} Bh8 {[%clk 0:01:01]} 24. Qc3
{[%clk 0:01:38]} f6 {[%clk 0:00:55]} 25. exf6 {[%clk 0:01:29]} Bxf6
{[%clk 0:00:56]} 26. Rxe6 {[%clk 0:01:19]} Bxg5 {[%clk 0:00:55]} 27. Nxg5
{[%clk 0:01:20]} Re8 {[%clk 0:00:56]} 28. Qe3 {[%clk 0:01:21]} Ba2
{[%clk 0:00:24]} 29. Rxa7 {[%clk 0:01:19]} 1-0

[Event "blitmenteam"]
[Site "?"]
[Date "2016.10.07"]
[Round "8.18"]
[White "Iljin, Timofey"]
[Black "Potapov, Pavel"]
[Result "1/2-1/2"]
[LiveChessVersion "1.4.4"]
[BlackElo "2471"]
[WhiteElo "2398"]

1. d4 {[%clk 0:03:03]} f5 {[%clk 0:03:02]} 2. c4 {[%clk 0:03:04]} Nf6
{[%clk 0:03:03]} 3. Nc3 {[%clk 0:03:06]} g6 4. h4 Bg7 {[%clk 0:03:01]} 5. h5
{[%clk 0:03:09]} Nc6 {[%clk 0:03:02]} 6. hxg6 {[%clk 0:03:04]} hxg6
{[%clk 0:03:03]} 7. Rxh8+ {[%clk 0:03:05]} Bxh8 {[%clk 0:03:04]} 8. Nf3
{[%clk 0:03:06]} d6 {[%clk 0:02:54]} 9. d5 {[%clk 0:02:59]} Ne5 {[%clk 0:02:51]}
10. Nxe5 {[%clk 0:02:58]} dxe5 {[%clk 0:02:51]} 11. e4 {[%clk 0:02:42]} f4
{[%clk 0:02:42]} 12. Be2 {[%clk 0:02:38]} e6 {[%clk 0:02:37]} 13. Qb3
{[%clk 0:02:27]} exd5 {[%clk 0:02:12]} 14. cxd5 {[%clk 0:02:28]} c6
{[%clk 0:02:05]} 15. dxc6 {[%clk 0:02:07]} bxc6 {[%clk 0:02:04]} 16. Bd2
{[%clk 0:02:08]} Qb6 {[%clk 0:01:56]} 17. Qc4 {[%clk 0:01:47]} Bd7
{[%clk 0:01:38]} 18. Na4 {[%clk 0:01:36]} Qd4 {[%clk 0:01:24]} 19. Nc5
{[%clk 0:01:21]} g5 {[%clk 0:00:46]} 20. Bc3 {[%clk 0:01:10]} Qxc4
{[%clk 0:00:41]} 21. Bxc4 {[%clk 0:01:11]} Ng4 {[%clk 0:00:28]} 22. Rd1
{[%clk 0:00:57]} Rd8 {[%clk 0:00:21]} 23. Ba5 {[%clk 0:00:47]} Nf6
{[%clk 0:00:14]} 24. Bxd8 Kxd8 {[%clk 0:00:15]} 25. Nxd7 {[%clk 0:00:46]} 1/2-1/2

[Event "blitmenteam"]
[Site "?"]
[Date "2016.10.07"]
[Round "8.19"]
[White "Belyakov, Bogdan"]
[Black "Derjabin, Ilja"]
[Result "1/2-1/2"]
[LiveChessVersion "1.4.4"]
[BlackElo "2400"]
[WhiteElo "2511"]

1. e4 {[%clk 0:03:03]} c5 {[%clk 0:03:03]} 2. Nf3 {[%clk 0:03:04]} e6
{[%clk 0:03:04]} 3. d4 {[%clk 0:03:03]} d5 {[%clk 0:03:05]} 4. exd5 exd5
{[%clk 0:03:06]} 5. Bb5+ {[%clk 0:03:00]} Nc6 {[%clk 0:03:07]} 6. O-O
{[%clk 0:03:00]} Bd6 {[%clk 0:03:08]} 7. dxc5 Bxc5 {[%clk 0:03:09]} 8. Nbd2
{[%clk 0:03:00]} Nge7 {[%clk 0:03:10]} 9. Nb3 {[%clk 0:03:01]} Bb6
{[%clk 0:03:11]} 10. c3 {[%clk 0:02:47]} O-O {[%clk 0:03:11]} 11. Nbd4
{[%clk 0:02:48]} Bg4 {[%clk 0:03:06]} 12. h3 {[%clk 0:02:49]} Bh5
{[%clk 0:03:07]} 13. Be3 {[%clk 0:02:48]} Nxd4 {[%clk 0:03:04]} 14. Bxd4
{[%clk 0:02:48]} Bxd4 15. cxd4 {[%clk 0:02:49]} Qb6 {[%clk 0:02:55]} 16. Be2
{[%clk 0:02:49]} Nc6 {[%clk 0:02:57]} 17. Qb3 {[%clk 0:02:18]} Qxb3
{[%clk 0:02:23]} 18. axb3 {[%clk 0:02:19]} Rfe8 {[%clk 0:02:25]} 19. Rfe1
{[%clk 0:02:10]} a6 {[%clk 0:02:25]} 20. g4 {[%clk 0:01:57]} Bg6 {[%clk 0:02:26]}
21. Rac1 {[%clk 0:01:44]} Be4 {[%clk 0:02:20]} 22. Kf1 {[%clk 0:01:44]} f6
{[%clk 0:02:10]} 23. Rc5 {[%clk 0:01:42]} a5 {[%clk 0:01:39]} 24. Rb5
{[%clk 0:01:29]} Re7 {[%clk 0:01:38]} 25. Rc1 {[%clk 0:01:24]} h5
{[%clk 0:01:34]} 26. gxh5 {[%clk 0:01:14]} Bf5 {[%clk 0:01:29]} 27. Rxd5
{[%clk 0:00:47]} Bxh3+ {[%clk 0:01:28]} 28. Ke1 {[%clk 0:00:48]} Rae8
{[%clk 0:01:22]} 29. Ng1 {[%clk 0:00:49]} Be6 {[%clk 0:01:10]} 30. Rd6
{[%clk 0:00:46]} Bxb3 {[%clk 0:01:09]} 31. Kd2 {[%clk 0:00:47]} Re4
{[%clk 0:00:53]} 32. Bf3 {[%clk 0:00:43]} Rxd4+ 33. Rxd4 {[%clk 0:00:44]} Nxd4
{[%clk 0:00:46]} 34. Bxb7 {[%clk 0:00:44]} Bf7 {[%clk 0:00:37]} 35. Rc8
{[%clk 0:00:40]} Rxc8 36. Bxc8 {[%clk 0:00:41]} Bxh5 {[%clk 0:00:37]} 37. Kc3
{[%clk 0:00:39]} Nb5+ {[%clk 0:00:23]} 38. Kd2 {[%clk 0:00:24]} Kf7
{[%clk 0:00:22]} 39. Ba6 {[%clk 0:00:25]} Nd6 {[%clk 0:00:23]} 40. Kc3
{[%clk 0:00:25]} Ne4+ {[%clk 0:00:24]} 41. Kd4 {[%clk 0:00:25]} Nxf2
{[%clk 0:00:25]} 42. Bc4+ {[%clk 0:00:24]} Ke7 43. Kc5 Ne4+ {[%clk 0:00:21]} 44.
Kb6 {[%clk 0:00:26]} f5 {[%clk 0:00:19]} 45. Kxa5 {[%clk 0:00:26]} f4
{[%clk 0:00:20]} 46. b4 {[%clk 0:00:27]} Nd6 {[%clk 0:00:21]} 47. Bd5 g5
{[%clk 0:00:21]} 48. Nh3 {[%clk 0:00:27]} Kf6 {[%clk 0:00:22]} 49. b5
{[%clk 0:00:28]} Nxb5 50. Kxb5 {[%clk 0:00:28]} Kf5 {[%clk 0:00:16]} 51. Bb7
{[%clk 0:00:25]} g4 {[%clk 0:00:15]} 52. Bc8+ {[%clk 0:00:26]} Ke5
{[%clk 0:00:17]} 53. Nxf4 {[%clk 0:00:13]} Kxf4 {[%clk 0:00:17]} 54. Bxg4 1/2-1/2